[Event "Nibelungen Seniors op 2nd"]
[Site "Worms"]
[Date "2005.10.01"]
[Round "2"]
[White "Steuer, Sebastian"]
[Black "Weiss, Harry"]
[Result "0-1"]
[WhiteElo "994"]
[BlackElo "1656"]
[PlyCount "68"]
[EventDate "2005.09.30"]
[EventType "swiss"]
[EventRounds "7"]
[EventCountry "GER"]
[SourceTitle "EXT 2007"]
[Source "ChessBase"]
[SourceDate "2006.11.23"]
[SourceVersion "1"]
[SourceVersionDate "2006.11.23"]
[SourceQuality "1"]

1. Nf3 Nc6 2. d3 d5 3. g3 e5 4. Bg2 f5 5. 0-0 Nf6 6. h4 Bd6 7. e3 Qe7 8. Re1 h6 9. d4 e4 10. Nh2 g5 11. Nc3 Bd7 12. Nb5 gxh4 13. Nxd6+ Qxd6 14. gxh4 0-0-0 15. Bh3 Rdg8+ 16. Kh1 Ng4 17. Nxg4 fxg4 18. Bg2 Qf6 19. Kg1 Qxh4 20. Rf1 Rf8 21. Qe2 Rf3 22. Bd2 Rhf8 23. Be1 Qg5 24. Rd1 h5 25. Kh1 h4 26. Rg1 Qh5 27. Rd2 g3 28. Bxf3 exf3 29. Qf1 g2+ 30. Rxg2 fxg2+ 31. Qxg2 Bg4 32. Qh2 Rg8 33. f3 Bxf3+ 34. Rg2 Qg4 0-1